000 00680nam a2200217Ia 4500
003 OSt
005 20260601140923.0
008 210210b1996 xxu||||| |||| 00| 0 eng d
020 _a81 237 1812 8
040 _cAL
041 _aKannada
082 _a324.2092K SISN
100 _aSISIR KUMAR BOSE.
_dಸಿಸಿರ್ ಕುಮಾರ್ ಬೋಸ್
_9264876
245 _aNetaji Subhashchandra Bose.
_bನೇತಾಜಿ ಸುಭಾಷ್ ಚಂದ್ರ ಬೋಸ್
260 _aHosa Dehali
_bNyashanal Buk Trast, Indiya
_c1996
300 _a161
650 _aNetaji Subhash chandra Bose
_9264877
690 _aBiography
_9264878
906 _a052473
942 _2ddc
_cBK
999 _c100473
_d100473